000
00302nam a2200133Ia 4500
008
221030s9999 xx 000 0 und d
041
_a
English
082
_a
105.23
100
_a
Admiralty
245
0
_a
Examples in Electrical Calculations
_c
by Admiralty
260
_c
0
650
_a
B
942
_c
BK
999
_c
11391
_d
11391